<?xml version="1.0" encoding="UTF-8"?>
<collection xmlns:xsi="http://www.w3.org/2001/XMLSchema-instance" xsi:schemaLocation="http://www.loc.gov/MARC21/slim http://www.loc.gov/standards/marcxml/schema/MARC21slim.xsd" xmlns="http://www.loc.gov/MARC21/slim">
 <record>
  <leader>00000cam a22000004a 4500</leader>
  <controlfield tag="001">UP-1685675941123908149</controlfield>
  <controlfield tag="003">Buklod</controlfield>
  <controlfield tag="005">20140908132141.0</controlfield>
  <controlfield tag="006">aa    rb   |||1 u|</controlfield>
  <controlfield tag="007">ta</controlfield>
  <controlfield tag="008">130101s2013    mau     r    |||| u|eng d</controlfield>
  <datafield tag="020" ind1=" " ind2=" ">
   <subfield code="a">9780273779865</subfield>
  </datafield>
  <datafield tag="020" ind1=" " ind2=" ">
   <subfield code="a">0273779869</subfield>
  </datafield>
  <datafield tag="035" ind1=" " ind2=" ">
   <subfield code="a">(iLib)UPTAC-00016747652</subfield>
  </datafield>
  <datafield tag="040" ind1=" " ind2=" ">
   <subfield code="a">DLC</subfield>
   <subfield code="d">UPVTC</subfield>
  </datafield>
  <datafield tag="041" ind1="0" ind2=" ">
   <subfield code="a">eng</subfield>
  </datafield>
  <datafield tag="090" ind1=" " ind2="0">
   <subfield code="a">HG 4011</subfield>
   <subfield code="b">G55 2013</subfield>
  </datafield>
  <datafield tag="100" ind1="1" ind2=" ">
   <subfield code="a">Gitman, Lawrence J.</subfield>
  </datafield>
  <datafield tag="245" ind1="1" ind2="0">
   <subfield code="a">Principles of managerial finance</subfield>
   <subfield code="c">Lawrence J. Gitman, Chad J Zutter.</subfield>
  </datafield>
  <datafield tag="250" ind1=" " ind2=" ">
   <subfield code="a">13th ed. Pearson Horizon edition.</subfield>
  </datafield>
  <datafield tag="264" ind1=" " ind2="1">
   <subfield code="a">Boston</subfield>
   <subfield code="b">Pearson</subfield>
   <subfield code="c">c2013.</subfield>
  </datafield>
  <datafield tag="300" ind1=" " ind2=" ">
   <subfield code="a">848 p.</subfield>
   <subfield code="b">col. ill.</subfield>
  </datafield>
  <datafield tag="505" ind1="0" ind2=" ">
   <subfield code="a">Table of Contents: Detailed Contents. About the Authors. Preface. Supplements to the Thirteenth Edition. Acknowledgments. To the Student. -- Part 1. Introduction to Managerial Finance: 1. The Role of Managerial Finance -- 2. The Financial Market Environment -- Part 2. Financial Tools: 3. Financial Statements and Ratio Analysis -- 4. Cash Flow and Financial Planning -- 5. Time Value of Money -- Part 3. Valuation of Securities: 6. Interest Rates and Bond Valuation -- 7. Stock Valuation -- Part 4. Risk and the Required Rate of Return: 8. Risk and Return -- 9. The Cost of Capital -- Part 5. Long-Term Investment Decisions: 10. Capital Budgeting Techniques -- 11. Capital Budgeting Cash Flows -- 12. Risk and Refinements in Capital Budgeting -- Part 6: Long-Term Financial Decisions: 13. Leverage and Capital Structure -- 14. Payout Policy -- Part 7. Short-Term Financial Decisions: 15. Working Capital and Current Assets Management -- 16. Current Liabilities Management -- Part 8. Special Topics in Managerial Finance: 17. Hybrid and Derivative Securities -- 18. Mergers, LBOs, Divestitures, and Business Failure -- 19. International Managerial Finance. -- Appendix. Glossary. Index.</subfield>
  </datafield>
  <datafield tag="650" ind1=" " ind2="0">
   <subfield code="a">Corporations</subfield>
   <subfield code="x">Finance.</subfield>
  </datafield>
  <datafield tag="650" ind1=" " ind2="0">
   <subfield code="a">Business enterprises</subfield>
   <subfield code="x">Finance.</subfield>
  </datafield>
  <datafield tag="856" ind1="4" ind2="1">
   <subfield code="3">Table of contents only</subfield>
   <subfield code="u">https://drive.google.com/file/d/1nCN7BzHcFPhj3o6xlzJ3ZCZvwb10azwM/view?usp=sharing</subfield>
  </datafield>
  <datafield tag="905" ind1=" " ind2=" ">
   <subfield code="a">FO</subfield>
  </datafield>
  <datafield tag="852" ind1="0" ind2=" ">
   <subfield code="a">UPTAC</subfield>
   <subfield code="b">UPTAC</subfield>
   <subfield code="h">HG 4011</subfield>
   <subfield code="i">G55 2013</subfield>
  </datafield>
  <datafield tag="942" ind1=" " ind2=" ">
   <subfield code="a">Book</subfield>
  </datafield>
 </record>
</collection>
